| 000 | 00641nam a2200157 i 4500 | ||
|---|---|---|---|
| 001 | 184517 | ||
| 003 | ES-MaACL | ||
| 005 | 20230906222221.0 | ||
| 008 | 151005s1948 sp |||| | spa d | ||
| 100 | 1 |
_aSolar y Taboada, Antonio del. _9137565 |
|
| 245 | 1 | 0 |
_aReal Cuerpo Colegiado de Hijosdalgo de la Nobleza de Madrid _b: apuntes históricos sobre sus uniformes / _cque tomó Antonio del Solar y Taboada. |
| 260 |
_aBadajoz : _b[s.n.], _c1948 ( _fTip. Viuda de A. Arqueros) |
||
| 300 |
_a105 p. ; _c18 cm. |
||
| 610 | 2 | 4 |
_aCuerpo Colegiado de Caballeros Hijosdalgo de la Nobleza de Madrid- _xUniformes. _9157806 |
| 852 |
_aES-MaACL _j1887-F-7 |
||
| 999 |
_c184517 _d184517 |
||